[Event "IND-ch U13 Girls 35th"]
[Site "Puducherry"]
[Date "2022.12.17"]
[Round "10"]
[White "Sanikommu, Manasvi"]
[Black "Jeevika, S1111"]
[Result "1/2-1/2"]
[WhiteElo "1375"]
[BlackElo "1438"]
[PlyCount "76"]
[EventDate "2022.12.11"]
[EventType "swiss"]
[EventRounds "11"]
[EventCountry "IND"]
[SourceTitle "EXT 2024"]
[Source "ChessBase"]
[SourceDate "2023.10.10"]
[SourceVersion "1"]
[SourceVersionDate "2023.10.10"]
[SourceQuality "1"]

1. e4 c5 2. Nf3 d6 3. d4 cxd4 4. Nxd4 Nf6 5. f3 a6 6. c4 g6 7. Nc3 Bg7 8. Be3 Nc6 9. Qd2 0-0 10. Be2 Bd7 11. 0-0 Rc8 12. Rac1 Re8 13. Rfd1 Nxd4 14. Bxd4 Be6 15. Na4 Nd7 16. Bxg7 Kxg7 17. f4 f6 18. f5 Nb6 19. Nxb6 Qxb6+ 20. Kh1 Bf7 21. Rc3 g5 22. Rb3 Qa7 23. Rc1 b5 24. Rbc3 bxc4 25. Bxc4 Bxc4 26. Rxc4 Qb7 27. h3 Rxc4 28. Rxc4 Rc8 29. Qb4 Qa8 30. Qc3 Rxc4 31. Qxc4 Qb7 32. b3 Qb6 33. Kh2 Qa5 34. b4 Qe5+ 35. Kh1 Qa1+ 36. Kh2 Qe5+ 37. Kh1 Qa1+ 38. Kh2 Qe5+ 1/2-1/2

[Event "IND-ch U15 Girls 38th"]
[Site "New Delhi"]
[Date "2022.12.02"]
[Round "7"]
[White "Sanikommu, Manasvi"]
[Black "Shybi, Binoj"]
[Result "1/2-1/2"]
[WhiteElo "1340"]
[BlackElo "1498"]
[PlyCount "81"]
[EventDate "2022.11.28"]
[EventType "swiss"]
[EventRounds "11"]
[EventCountry "IND"]
[SourceTitle "CBM 211 Extra"]
[Source "ChessBase"]
[SourceDate "2023.01.31"]
[SourceVersion "1"]
[SourceVersionDate "2023.01.31"]
[SourceQuality "1"]

1. e4 e5 2. Nf3 Nc6 3. Bb5 a6 4. Ba4 d6 5. 0-0 Bg4 6. h3 Bh5 7. c3 Be7 8. d4 Bxf3 9. Qxf3 exd4 10. cxd4 b5 11. Bb3 Nf6 12. Be3 Na5 13. e5 Nxb3 14. Qc6+ Nd7 15. axb3 dxe5 16. dxe5 0-0 17. Rxa6 Nxe5 18. Qxb5 Rxa6 19. Qxa6 Qd5 20. Qa4 Ra8 21. Nc3 Qd8 22. Qe4 Bd6 23. Nb5 Rb8 24. Nd4 Qf6 25. Ra1 g6 26. Ra8 Rxa8 27. Qxa8+ Kg7 28. Nb5 c6 29. Nxd6 Qxd6 30. Qa7 Nd7 31. Qd4+ Qxd4 32. Bxd4+ Kf8 33. b4 Ke7 34. f4 Ke6 35. Kf2 Kd5 36. Ke3 Nf8 37. b3 Nd7 38. g4 f5 39. Kd3 Nf8 40. Bg7 Nd7 41. Bb2 1/2-1/2